| 000 | 00000nas 2200000za 4500 |
| 001 | 9.830877 |
| 003 | CaOODSP |
| 005 | 20221107145627 |
| 007 | cr ||||||||||| |
| 008 | 170119d19321932oncar p oss f0###a0eng|d |
| 040 | |aCaOODSP|beng |
| 043 | |an-cn--- |
| 086 | 1 |aCS42-212E-PDF |
| 245 | 00|aPreliminary report on the manufacture of carriages, wagons and vehicle supplies in Canada (subject to revision on further examination of individual reports) |h[electronic resource]. |
| 246 | 16|aCarriage, wagon, and vehicle supplies industry in Canada |
| 260 | |a[Ottawa] : |bDominion Bureau of Statistics, Forestry Branch, |c1934. |
| 310 | |aAnnual |
| 362 | 0 |a1932. |
| 500 | |aDigitized edition from print [produced by Statistics Canada]. |
| 500 | |aCover title. |
| 520 | |aPrincipal statistics of the carriage industry in Canada, including number of establishments, capital investment, employees and salaries, fuel usage, electricity costs, cost of materials and value of products. |
| 692 | 07|2gccst|aTransport |
| 692 | 07|2gccst|aManufacturing industry |
| 710 | 1 |aCanada. |bDominion Bureau of Statistics. |bForestry Branch. |
| 780 | 00|tPreliminary report of the carriage & wagon industry in Canada |w(CaOODSP)9.830875 |
| 785 | 00|tThe carriage, wagon, and vehicle supplies industry in Canada |w(CaOODSP)9.830878 |